logo

Bir Sreshtho Munshi Abdur Rouf Library
Jhenaidah Cadet College

The teaching of geography (Record no. 4564)

MARC details
000 -LEADER
fixed length control field 00743nam a22002532a 4500
001 - CONTROL NUMBER
JCCL Control Number 4564
003 - CONTROL NUMBER IDENTIFIER
JCCL marc code BD-JhCC
005 - DATE AND TIME OF LATEST TRANSACTION
control field 20171128181704.0
008 - FIXED-LENGTH DATA ELEMENTS--GENERAL INFORMATION
fixed length control field 860101s1966 enkabe b 000 0 eng d
035 ## - SYSTEM CONTROL NUMBER
system control number (BD-JhCC)4564
040 ## - CATALOGING SOURCE
Original cataloging agency DLC
Transcribing agency MAL
Modifying agency OCL
-- SER
-- UKM
-- EQO
-- BD-JhCC
041 ## - LANGUAGE CODE
Language code of Book eng
050 #0 - LIBRARY OF CONGRESS CALL NUMBER
Classification number G73
Item number .G6 1966
082 ## - DEWEY DECIMAL CLASSIFICATION NUMBER
Classification number 910.007
-- 910.712
Author mark and Year GOP 1966
100 1# - MAIN ENTRY--PERSONAL NAME
Personal name Gopsill, G. H.
245 14 - TITLE STATEMENT
Title The teaching of geography
Statement of responsibility, etc G. H. Gopsill
250 ## - EDITION STATEMENT
Edition statement 3rd ed
260 ## - PUBLICATION, DISTRIBUTION, ETC. (IMPRINT)
Place of publication, distribution, etc London :
Name of publisher, distributor, etc Macmillan ;
Place of publication, distribution, etc New York :
Name of publisher, distributor, etc St. Martin's P,
Date of publication, distribution, etc 1966.
300 ## - PHYSICAL DESCRIPTION
Pagination xi, 316 p. :
Other physical details illus., maps, plans, tables, diagrs. ;
Dimensions 23 cm.
504 ## - BIBLIOGRAPHY, ETC. NOTE
Bibliography, etc Includes bibliographies
650 #0 - SUBJECT ADDED ENTRY--TOPICAL TERM
Topical term or geographic name as entry element Geography
General subdivision Study and teaching
942 ## - ADDED ENTRY ELEMENTS (KOHA)
Source of classification or shelving scheme Dewey Decimal Classification
Koha item type Books
Holdings
Source of classification or shelving scheme Damaged status Not for loan Home library Current library Shelving location Date of accession Total Checkouts Full call number Barcode Date last seen Koha item type
Dewey Decimal Classification     JCC Rouf Library JCC Rouf Library General Stacks 11/28/2017   910.007 GOP 1966 6563 11/28/2017 Books

JCC Library | Contacts | JCC Home

Last Update on 23 September 2017
Copyright @ 2017-2020 JCC Rouf Library
Rouf Library, Jhenidah Cadet College (JCC), Bangladesh